000 01075nam a22003017a 4500
001 0043644
003 KOHA_MİRAKIL
005 20260207003357.0
007 ta
008 130730b2006 tu |||gr||||#0|||0|tur |
020 _a9755560440
040 _aTR-BiSEU
_btur
_cTR-BiSEU
_erda
041 0 _atur
044 _ctu
050 _aQD31.2
_b.T73 2006
100 1 _aTrapp, Charles.
245 1 _aTemel kimya :
_bmoleküller, maddeler ve değişimler :
_bsoruların cevapları ve problemlerin çözümleri/
_cCharles Trapp ; Charles Trapp ; çev. Esma Kılıç, Fitnat Köseoğlu.
264 1 _aAnkara :
_bBilim Yayıncılık
_c2006
300 _a2 c. ;
_c28 cm.
336 _ametin
_btxt
_2rdacontent
337 _aaracısız
_bn
_2rdamedia
338 _acilt
_bnc
_2rdacarrier
500 _aOrijinal adı: Student's solutions manual for Atkins and Jones's chemistry: Molecules, matter & change.
650 0 _aKimya--Problemler, Alıştırmalar, vb.
_926757
650 0 _aChemistry--Problems, exercises, etc.
_926758
907 _aDers Kitabı
942 _2lcc
_cBK
999 _c43456
_d43456